| 000 | 00599cas a22002175a 4500 | ||
|---|---|---|---|
| 001 | L261 | ||
| 008 | 070621c1995 gw mr p 0 a0eng | ||
| 022 | _a0949-7714 | ||
| 035 | _a(Sirsi) u98898 | ||
| 041 | _aeng | ||
| 245 | _aJournal of Geodesy | ||
| 260 |
_aBerlin _bSpringer-Verlag _c1995- |
||
| 362 | 0 | _a70(1/2) November 1995-76(11/12) March 2003 | |
| 554 | _a12 per year | ||
| 651 | 4 | _aInternational | |
| 690 | _aENVIRONMENTAL AND LAND CONSULTANCY-GEOMATICS-LAND SURVEYING | ||
| 780 | 0 | 0 | _tManuscripta Geodaetica |
| 780 | 0 | 0 | _tBulletin Geodesique |
| 942 | _n0 | ||
| 948 | _c17/08/1994 | ||
| 999 |
_c118568 _d118568 |
||